000
00276nam a2200133Ia 4500
008
231017s9999 xx 000 0 und d
082
_a
624.1
082
_b
DIA
245
0
_a
Diaphragms and Shear Walls
245
0
_c
APA
260
_b
APA
300
_c
30cm
942
_c
REP
999
_c
604036
_d
604036